Movies From Scenes Kinda Hard - Statistics

General Stats
  • This quiz has been taken 301 times
  • The average score is 8 of 16
Answer Stats
Picture Answer % Correct
Bohemian Rhapsody
78%
Shaun of the Dead
78%
American Pie
75%
Captain Phillips
72%
Scream
72%
Hangover
71%
Life of Pi
67%
Catch Me If You Can
55%
Dude Where's My Car
52%
Year One
29%
Red Eye
25%
Eurotrip
24%
Enemy At the Gates
23%
Final Destination
23%
Disturbia
21%
Hostel
3%
No matching quizzes found
Score Distribution
Percent of People with Each Score
Percentile by Number Answered
Your Score History
You have not taken this quiz